banner-ar

ما وراء الكتاب : (Record no. 62937)

MARC details
000 -الفاتح
حقل البيانات ثابتة الطول 00780nam a22002177a 4500
005 - وقت وتاريخ اخر تعامل مع التسجيلة
رقم الضبط 20240530110615.0
008 - عناصر البيانات ثابتة الطول - معلومات عامة
حقل البيانات ثابتة الطول 161128s2014 ua g 000 1 eng d
017 ## - رقم الايداع القانونى
رقم الايداع القانونى 2014/1744
المصدر ( الهيئة المختصة) مصر. دار الكتب
020 ## - الرقم الدولى المعيارى للكتب
الرقم الدولى المعيارى للكتاب 9789774278884
040 ## - مصدر الفهرسة
وكالة الفهرسة الأصلية EG-CaGPL
وكالة النسخ EG-CaGPL
082 04 - رقم تصنيف ديوى العشرى
رقم الطبعة 21
رقم التصنيف 818.03\
رقم المادة إ م
100 0# - المدخل الرئيسى - إسم شخصى
الإسم الشخصى ابراهيم عبدالمجيد
245 10 - بيان العنوان
العنوان ما وراء الكتاب :
بقية العنوان تجربتى مع الابداع /
بيان المسئوليه,etc ابراهيم عبدالمجيد
250 ## - بيان الطبعة
بيان الطبعة ط.1.
260 ## - PUBLICATION, DISTRIBUTION, ETC. (IMPRINT)
تاريخ النشر أو التوزيع 2014 .
300 ## - الوصف المادى
التعداد 308 ص. ؛
أبعاد الوعاء 19 سم.
650 07 - المدخل الاضافى بالموضوع-مصطلح موضوعى
مصدر الرأس أو المصطلح qrmak
مصطلح موضوعي الادب العربى
653 04 - مصطلح تكشيفى غير مقيد
مصطلح غير مقيد المفكرات الادبية
942 ## - عناصر المدخل الإضافي( كوها)
مصدر التصنيف او مخطط الترفيف Dewey Decimal Classification
Koha [default] item type كتاب
260 ## - PUBLICATION, DISTRIBUTION, ETC. (IMPRINT)
-- القاهرة :
-- الدار المصرية اللبنانية ،
Holdings
حالة التراجع حالة الفقد حالة تلف ليس للاعارة المكان المؤقت الموقع الحالى موقع الترفيف تاريخ الاكتساب اجمالي اﻻعارات رقم الطلب الباركود تاريخ اخر مشاهدة تاريخ تفعيل السعر نوع وعاء كوها
        مكتبة القاهرة الكبرى مكتبة القاهرة الكبرى القاعة الرئيسية 11/28/2016   818.03\ إ م 162854 11/28/2016 11/28/2016 كتاب

Powered By

EGPV